Washington Counties by Population - Statistics

General Stats
  • This quiz has been taken 56 times
  • The average score is 27 of 39
Answer Stats
Population County % Correct
2,269,675 King
100%
503,311 Clark
93%
921,130 Pierce
93%
827,957 Snohomish
93%
539,339 Spokane
93%
294,793 Thurston
90%
256,728 Yakima
80%
110,730 Cowlitz
77%
75,636 Grays Harbor
77%
275,611 Kitsap
77%
77,155 Clallam
73%
226,847 Whatcom
73%
206,873 Benton
70%
96,749 Franklin
70%
86,857 Island
70%
129,523 Skagit
70%
62,584 Walla Walla
70%
47,973 Whitman
70%
79,074 Chelan
67%
2,286 Garfield
67%
99,123 Grant
67%
82,149 Lewis
67%
65,726 Mason
67%
7,178 Ferry
63%
3,952 Columbia
60%
32,977 Jefferson
60%
44,337 Kittitas
60%
22,735 Klickitat
60%
42,104 Okanogan
60%
23,365 Pacific
60%
12,036 Skamania
60%
46,445 Stevens
60%
4,422 Wahkiakum
60%
20,613 Adams
57%
22,285 Asotin
57%
42,938 Douglas
57%
10,876 Lincoln
57%
13,401 Pend Oreille
57%
17,788 San Juan
57%
No matching quizzes found
Score Distribution
Percent of People with Each Score
Percentile by Number Answered
Your Score History
You have not taken this quiz